Countries With The Least Christians - Statistics

General Stats
  • This quiz has been taken 33 times
  • The average score is 10 of 15
Answer Stats
Percent Answer % Correct
0.4% Iran
100%
0.023% Afghanistan
93%
0.09% Yemen
93%
0.15% Algeria
81%
0.02% Tunisia
78%
0.14% Mauritania
74%
0.9% Morocco
74%
0.006% Somalia
74%
0.89% Bhutan
59%
0.08% Maldives
59%
1.1% Japan
56%
0.5% Niger
56%
0.3% Bangladesh
52%
0.88% Cambodia
52%
0.2% Turkey
44%
No matching quizzes found
Score Distribution
Percent of People with Each Score
Percentile by Number Answered
Your Score History
You have not taken this quiz